000 00341nam a2200133Ia 4500
008 240624s9999 xx 000 0 und d
041 _aeng
082 _a302.302 HOE
100 _aHOEFFLINGER MIKE
245 _aBECOMING FACEBOOK THE 10 CHALLENGES THAT
260 _c2017
_aNew York
_bAmacom
300 _ax, 244 p.; 23 cm.
365 _c
_b33
999 _c32119
_d32119